A kukorica termesztés agrotechnikai rendszerének vizsgálata és a hozam növelésének lehetőségei a bácsalmási Petőfi Termelőszövetkezetben

Elmentve itt :
Bibliográfiai részletek
Szerző: Komáromi István
További közreműködők: nincs megadva (Témavezető)
Dokumentumtípus: Szakdolgozat
Megjelent: 1973
Kulcsszavak:Kukoricatermesztés
Agrotechnika
Bácsalmás
Tárgyszavak:
Online Access:http://diploma.bibl.u-szeged.hu/98908
LEADER 00893nta a2200241 i 4500
001 dipl98908
005 20220203102418.0
008 220203s1973 hu om 0|| zxx d
040 |a SZTE Diploma Repozitórium  |b hun 
041 |a zxx 
100 1 |a Komáromi István 
245 1 2 |a A kukorica termesztés agrotechnikai rendszerének vizsgálata és a hozam növelésének lehetőségei a bácsalmási Petőfi Termelőszövetkezetben  |h [elektronikus dokumentum] /  |c István Komáromi 
260 |c 1973 
300 |a 30 
650 4 |a Agrár 
650 4 |a Agricultural sciences 
650 4 |a Agriculture, forestry and fisheries 
650 4 |a Plant breeding and plant protection 
695 |a Kukoricatermesztés 
695 |a Agrotechnika 
695 |a Bácsalmás 
700 1 |a nincs megadva  |e ths 
856 4 0 |u http://diploma.bibl.u-szeged.hu/id/eprint/98908/1/xxxx_komaromi_istvan.pdf  |z Dokumentum-elérés